000 00760nam a2200265 i 4500
003 DO-SdBNP
005 20231023095442.0
006 a||||gr|||| 00| 0
007 ta
008 231006e1984 gt ||||| |||| 00| 1 spa d
040 _aDO-SdBNP
_bspa
_cBNPHU
_erda
082 1 _bD671c
_222
100 _aDomingo P., Magin A.
_eautor
_984408
245 1 0 _aCiencias naturales :
_b2do, de bachillerato /
_cMagin A. Domingo P.
264 _aSanto Domingo :
_bCorripio,
_c1984
300 _a258 páginas :
_bilustraciones ;
_c28 cm
336 _2rdacontent
_atexto
_btxt
337 _2rdamedia
_asin mediación
_bn
338 _2rdacarrier
_avolumen
_bnc
590 _aInventariado 2023 / DG
700 _969116
700 _984406
910 _aDG
942 _2ddc
_cLBS1
999 _c55239
_d55239